00621 2200217 4500001002100000005001500021035002000036008004100056245007900097250001000176260003300186300005000219020002200269084001400291082001000305650002800315863001600343700002200359990001100381990001100392INLIS00000000001175020220620110446 a0010-0622000260220620 b 0 ind  aKomik Sains Bocah Pintar :bTelinga, Indra Pendengaran /cSmartkids Studio acet.1 aYogyakarta :bRainbow,c2017 a33 hal. :bilus. ;c28 cm.-- Seri Panca Indra a978-979-29-6074-7 a741.5 KOM a741.5 4aCERITA BERGAMBAR. KOMIK aPanca Indra0 aSMARTKIDS, Studio a7637 a a7637 b